| 000 | 01145nam0a22002651i 4500 | ||
|---|---|---|---|
| 001 | rc\111958 | ||
| 005 | 20260405154709.0 | ||
| 035 | _a(NLR Aleph) 008741416 | ||
| 090 |
_a9533438 _c9533438 |
||
| 100 | _a20021216d1991 u |0rusy50 ca | ||
| 101 | 0 | _arus | |
| 102 | _aRU | ||
| 105 | _ay ||||||||| | ||
| 200 | 1 |
_aЭтноэкология сельских поселений Азербайджана _e(XIX-XX ст.) _eАвтореф. дис. на соиск. учен. степ. канд. ист. наук _e(07.00.07) _fАН СССР. Ин-т этнологии и антропологии им. Н.Н. Миклухо-Маклая |
|
| 210 |
_aМ. _d1991 |
||
| 215 | _a22 с. | ||
| 320 | _aБиблиогр.: с. 20-22 (17 назв.) | ||
| 606 | 1 |
_aАзербайджанцы _xЭтнографическое изучение _2nlr_sh1 |
|
| 700 | 1 |
_7ca _8rus _aСтепанов _bВ. В. _cканд. ист. наук _gВалерий Владимирович _948541 _3RU\NLR\AUTH\7765612 |
|
| 801 | 0 |
_aRU _bNLR _gpsbo |
|
| 801 | 1 |
_aRU _bELAR _2rusmarc |
|
| 801 | 2 |
_aRU _bNLR _c20050425 _2rusmarc |
|
| 852 |
_aNLR _jА91/10741 |
||
| 942 | _cBOOK | ||